000 00345nam a2200109Ia 4500
008 220204s9999 xx 000 0 und d
082 _a330.133:338.5
_bNAR
100 _aNarayana, S
245 0 _aCommodity prices and their effect on investment viability and repayment : The case of Indian cardamom
260 _aMumbai
_bNABARD
_c2004
942 _cBK
999 _c44097
_d44097